000
00300nam a22001337a 4500
008
190305b xxu||||| |||| 00| 0 eng d
020
_a
0872877884
041
_a
eng
080
_a
004
100
_a
28
101
_a
SHK
245
_a
Reference and information services
_c
Bopp,R.E
942
_2
udc
_c
BK
999
_c
54542
_d
54542